00270cam a22000857a 4500008004000000082002200040245005600062260005700118300000900175180718b1962 xxu||||| |||| 00| 0 eng d aT000x54 1961-66/G aGatt programme for expansion of international trade aGenevabGeneral Agreement on Tariffs and Tradec1962 a60p.